000 01441nam a2200253Ia 4500
000 01736naaa 00301uu
001 https://directory.doabooks.org/handle/20.500.12854/67881
005 20260218105615.0
008 211013s9999 xx 000 0 und d
020 _a9781838810412
024 _a10.5772/intechopen.87355
042 _adc
100 1 _aJain, Pooja
245 0 _aCreativity : A Force to Innovation
260 _bIntechOpen
_c2021
300 _a1 electronic resource (188 p.)
520 _aCreativity and innovation go hand in hand. This book presents a plethora of creative interventions in education, culture, expressions, communications, and other areas. Each chapter brings forth a core idea well attested on the scales of creative interventions. It is a collaborative effort to bring forth multidisciplinary creativity in the ever-evolving world of design, communication, and possibilities. There is really no logical order to the book. You do not necessarily have to start at the beginning, just find a chapter that interests you and read. I hope that you find the book stimulating as well as informative.
540 _aCreative Commons
653 _aEducation
700 1 _aJain, Pooja
856 _uhttps://docs.google.com/spreadsheets/d/1yKIrdCPDAG_9c22mwoOIO2DOhtj65Wqa/edit?usp=sharing&ouid=106555315294820607512&rtpof=true&sd=true
_yList of Curated E-Books
942 _cE-BOOK
999 _c46003
_d46003